<?xml version="1.0" encoding="UTF-8"?>
<record
    xmlns:xsi="http://www.w3.org/2001/XMLSchema-instance"
    xsi:schemaLocation="http://www.loc.gov/MARC21/slim http://www.loc.gov/standards/marcxml/schema/MARC21slim.xsd"
    xmlns="http://www.loc.gov/MARC21/slim">

  <leader>01250    a2200157   4500</leader>
  <datafield tag="999" ind1=" " ind2=" ">
    <subfield code="c">25671</subfield>
    <subfield code="d">25671</subfield>
  </datafield>
  <datafield tag="020" ind1=" " ind2=" ">
    <subfield code="a">9789353285517</subfield>
  </datafield>
  <datafield tag="082" ind1=" " ind2=" ">
    <subfield code="a">363.348</subfield>
    <subfield code="b">BHA-D</subfield>
  </datafield>
  <datafield tag="100" ind1=" " ind2=" ">
    <subfield code="a">Bhattacharjee, Malini</subfield>
  </datafield>
  <datafield tag="245" ind1=" " ind2=" ">
    <subfield code="a">Disaster relief and the RSS</subfield>
    <subfield code="b">: resurrecting religion through humanitarianism</subfield>
  </datafield>
  <datafield tag="260" ind1=" " ind2=" ">
    <subfield code="b">Sage Publications</subfield>
    <subfield code="c">2019</subfield>
    <subfield code="a">New Delhi</subfield>
  </datafield>
  <datafield tag="300" ind1=" " ind2=" ">
    <subfield code="a">238p.</subfield>
  </datafield>
  <datafield tag="504" ind1=" " ind2=" ">
    <subfield code="a">Include Bibliography and Index
</subfield>
  </datafield>
  <datafield tag="520" ind1=" " ind2=" ">
    <subfield code="a">Disaster Relief and the RSS: Resurrecting 'Religion' Through Humanitarianism studies the political implications of the humanitarian work of Rashtriya Swayamsevak Sangh (RSS) by examining the institution of seva (service) in disaster situations. This book provides a refreshingly new perspective of the RSS by recognizing its &#x2018;compassionate&#x2019; aspects and understanding its appeal from the point of view of its benefactors. It examines the religious, moral, intellectual and instrumental heritage of seva and discusses the possible reasons for its continual resurrection in modern India. By highlighting the under-analysed aspects of the moral complexity of evaluating the RSS&#x2019;s humanitarian work.</subfield>
  </datafield>
  <datafield tag="650" ind1=" " ind2=" ">
    <subfield code="a">Disaster Management </subfield>
    <subfield code="v">Rashtriya Swayam Sevak Sangh</subfield>
    <subfield code="v">Disasters--Religious aspects</subfield>
    <subfield code="v">Disaster relief--Political aspects</subfield>
    <subfield code="z">India</subfield>
  </datafield>
  <datafield tag="942" ind1=" " ind2=" ">
    <subfield code="2">ddc</subfield>
    <subfield code="c">BK</subfield>
  </datafield>
  <datafield tag="952" ind1=" " ind2=" ">
    <subfield code="0">0</subfield>
    <subfield code="1">0</subfield>
    <subfield code="4">0</subfield>
    <subfield code="7">0</subfield>
    <subfield code="a">NASSDOC</subfield>
    <subfield code="b">NASSDOC</subfield>
    <subfield code="d">2019-09-18</subfield>
    <subfield code="e">OP</subfield>
    <subfield code="g">620.50</subfield>
    <subfield code="i">2019-09-16</subfield>
    <subfield code="l">0</subfield>
    <subfield code="o">363.348 BHA-D</subfield>
    <subfield code="p">50510</subfield>
    <subfield code="r">2019-09-18 00:00:00</subfield>
    <subfield code="v">850.00</subfield>
    <subfield code="w">2019-09-18</subfield>
    <subfield code="y">BK</subfield>
  </datafield>
</record>
